000 00912nam a2200289Ia 4500
003 OSt
005 20221007122506.0
006 a|||||r|||| 00| 0
007 ta
008 221006b |||||||| |||| 00| 0 eng d
020 _a9788181286789 (pbk)
024 _a108094
037 _b2886, 28/06/2010, New India Book Agency
_cTextbook
040 _aPAPL
_cPAPL
_beng
041 _2eng
_aeng
082 _aC6:212, P4-;4 Carpa
100 _aSeeger Karlheinz
245 0 _aSemiconductor physics:an introduction
250 _a9
260 _aBerlin
_bSpringer
_c2004
300 _ax, 537p.
_ccm.
490 _aAdvanced texts in physics
500 _aAppendices A-C, 493-496p.; References 497-529p.; Index 530-537p.
650 _aPhysics
942 _hC6:212, P4-;4 Carpa
_cTB
_2CC
999 _c1210441
_d1210441